College Quizbowl Stats
College Quizbowl Stats
Circuits
Seasons
Sets
Records
Detailed Stats
About
Loading...
Lower Mid-Atlantic
Tossups
Bonuses
Players
Teams
Categories (Tossup)
Categories (Bonus)
Henry Turner
Purdue A
Categories
Category
Powers
Gets
Negs
BBs
Points
Earliest Buzz
Avg. Buzz
First Buzzes
Top 3 Buzzes
BPA
PVF
Science - Biology
0
2
0
1
20
93
100.50
0
1
0.00
0.00
History - European
0
1
0
0
10
78
78.00
0
0
0.00
0.00
Science - Physics
0
1
1
0
5
7
7.00
1
1
0.00
0.00
Science - Other
0
0
0
0
0
0.00
0
0
0.00
0.00
Buzzes
Category
Answer
Value
Buzz Position
Science - Physics
airfoils
10
7
History - European
nuclear power plants
10
78
Science - Biology
tetanus
10
93
Science - Physics
resonance
-5
100
Science - Biology
cerebellum
10
108
Science - Other
Joseph Fourier
0
118
Previous
1
Next